| 000 | 01976nam0a2200385 4500 | ||
|---|---|---|---|
| 001 | RU\NLR\bibl\1261011 | ||
| 005 | 20250615131216.0 | ||
| 010 |
_a978-5-386-00541-2 _bРипол классик |
||
| 010 |
_a978-5-91213-062-5 _bДом. XXI век _97000 |
||
| 021 |
_aRU _b2008-48004 _92652 |
||
| 035 | _a(NLR Aleph) 001247004 | ||
| 090 |
_a294928 _c294928 |
||
| 100 | _a20080812d2008 |||y0rusy50 ca | ||
| 101 | 0 | _arus | |
| 102 | _aRU | ||
| 105 | _aa ||||||||| | ||
| 200 | 1 |
_aБисер для маленьких умниц _e100 развивающих уроков _fЕ. Никифорова, Е. Салькова |
|
| 210 |
_aМосква _cРипол классик _cДом. XXI век _d2008 |
||
| 215 |
_a190, [1] с., [4] л. цв. ил. _cил. _d21 |
||
| 225 | 1 | _aАзбука развития | |
| 300 | _aНа обл.: Бисер: фенечки, украшения и подарки | ||
| 300 | _aКн. вышла также под назв.: Бисер: фенечки, модные украшения, подарки | ||
| 451 | 0 |
_12001#$aБисер$eфенечки, модные украшения, подарки _1700#1$aНикифорова$bЕ. А.$gЕлена Анатольевна$4070 _1701#1$aСалькова$bЕ. Б.$gЕкатерина Борисовна$4070 _tБисер _aНикифорова, Елена Анатольевна |
|
| 512 | 1 |
_6z45790 _aБисер _eфенечки, украшения и подарки |
|
| 686 |
_aШ9 _bН99 |
||
| 700 | 1 |
_aНикифорова _bЕ. А. _gЕлена Анатольевна _4070 |
|
| 701 | 1 |
_aСалькова _bЕ. Б. _gЕкатерина Борисовна _4070 |
|
| 790 | 1 |
_6z45 _aНикифорова _bЕ. А. _gЕлена Анатольевна _4070 |
|
| 790 | 1 |
_6z45 _aСалькова _bЕ. Б. _gЕкатерина Борисовна _4070 |
|
| 801 | 0 |
_aRU _bNLR _c20080812 _gRCR |
|
| 801 | 1 |
_aRU _bNLR _c20080812 |
|
| 942 | _cBOOK | ||
| 980 | _aNB | ||